000 00499nam a22001817a 4500
003 CEME
005 20210628210548.0
008 210209b xxu||||| |||| 00| 0 eng d
020 _a0-85229-657-6
040 _c.
082 _a500.05 BRI
100 _aCegielski, Charles
_979954
245 _aBritannica year book of science and the future 1998
260 _aCHICAGO
_bBRITANNICA INC
_c1998
300 _a448P
650 _aBRITANNICA SCIENCE AND THE FUTURE FOR 1998
_979955
942 _cBK
_2ddc
999 _c584933
_d584933